[Event "Coin op 4th"]
[Site "Coin"]
[Date "2024.03.25"]
[Round "1"]
[White "Grabuzova, Tatiana"]
[Black "Cardena Contreras, Javier"]
[Result "1-0"]
[WhiteElo "2216"]
[BlackElo "1932"]
[PlyCount "125"]
[EventDate "2024.03.25"]
[EventType "swiss"]
[EventRounds "9"]
[EventCountry "ESP"]
[SourceTitle "EXT 2025"]
[Source "ChessBase"]
[SourceDate "2024.10.14"]
[SourceVersion "1"]
[SourceVersionDate "2024.10.14"]
[SourceQuality "1"]

1. Nf3 d5 2. g3 c5 3. Bg2 Nc6 4. d4 e6 5. 0-0 Nf6 6. c4 Be7 7. cxd5 exd5 8. Nc3 h6 9. dxc5 Bxc5 10. Na4 Be7 11. Be3 Ng4 12. Bc5 Be6 13. Nd4 Nxd4 14. Qxd4 Nf6 15. Nc3 Bxc5 16. Qxc5 Qe7 17. Qb5+ Qd7 18. Qxd7+ Kxd7 19. Rfd1 Ke7 20. Nxd5+ Nxd5 21. Bxd5 Bxd5 22. Rxd5 Rhd8 23. Rad1 Rxd5 24. Rxd5 Rc8 25. Rb5 b6 26. h4 Rc6 27. Rb3 f5 28. Rc3 Rd6 29. Rc2 Kf6 30. f3 g5 31. h5 f4 32. g4 a5 33. Kf2 Ke5 34. a3 Kf6 35. Ke1 a4 36. Rc4 b5 37. Rc5 Rb6 38. Kd2 b4 39. Ra5 Rd6+ 40. Kc2 b3+ 41. Kc3 Rc6+ 42. Kb4 Rc2 43. Ra6+ Kg7 44. Re6 Rxb2 45. Kxa4 Rb1 46. Kb4 b2 47. Kb3 Kf7 48. Re4 Kf6 49. Ka2 Rd1 50. Kxb2 Rd2+ 51. Kb3 Rd1 52. a4 Ra1 53. Kb4 Rb1+ 54. Kc4 Ra1 55. Kb5 Rb1+ 56. Rb4 Re1 57. a5 Rxe2 58. a6 Re5+ 59. Kb6 Re6+ 60. Ka5 Re5+ 61. Rb5 Re1 62. a7 Ke6 63. Ka6 1-0

[Event "Madrid-ch Previa-A"]
[Site "Madrid"]
[Date "2020.02.17"]
[Round "7"]
[White "Fernandez Garcia, Ignacio"]
[Black "Cardena Contreras, Javier"]
[Result "1/2-1/2"]
[WhiteElo "1755"]
[BlackElo "1887"]
[PlyCount "177"]
[EventDate "2020.02.03"]
[EventType "swiss"]
[EventRounds "9"]
[EventCountry "ESP"]
[SourceTitle "EXT 2021"]
[Source "ChessBase"]
[SourceDate "2020.10.23"]
[SourceVersion "1"]
[SourceVersionDate "2020.10.23"]
[SourceQuality "1"]

1. e4 c5 2. Nf3 Nc6 3. d4 cxd4 4. Nxd4 Nf6 5. Nc3 e5 6. Nf3 Bb4 7. Qd3 d5 8. Bd2 Bxc3 9. Bxc3 Nxe4 10. Nxe5 Qf6 11. Nf3 Nxc3 12. Qxc3 d4 13. Qd2 0-0 14. 0-0-0 Bg4 15. Bd3 Rac8 16. h3 Bxf3 17. gxf3 Ne5 18. Be4 Rfd8 19. Kb1 Nc4 20. Qd3 g6 21. h4 Ne5 22. Qb3 a5 23. h5 a4 24. Qb5 a3 25. hxg6 hxg6 26. Rh3 d3 27. cxd3 axb2 28. Qxb2 Nd7 29. Rdh1 Qxb2+ 30. Kxb2 Nc5 31. Rh8+ Kg7 32. Rxd8 Rxd8 33. Rc1 b6 34. Rxc5 bxc5 35. Kc3 f5 36. Bc6 Kf6 37. a4 Ke5 38. a5 Kd6 39. Bb7 Kc7 40. a6 Rd4 41. Ba8 Kb6 42. Bb7 Ra4 43. Kb3 Rh4 44. Kc3 Rh2 45. d4 cxd4+ 46. Kxd4 Rxf2 47. Ke5 Rg2 48. Kf6 f4 49. Ke5 g5 50. Kf5 Rg3 51. Ke5 Rg1 52. Kf5 Ka7 53. Ke4 Ra1 54. Kf5 Ra5+ 55. Kg4 Kb6 56. Bc8 Kc7 57. Bf5 Kd6 58. Kxg5 Ke5 59. Bc8 Ra1 60. Kg6 Rg1+ 61. Kf7 Kd4 62. Bb7 Ra1 63. Ke6 Kc5 64. Ke5 Ra4 65. Be4 Rxa6 66. Kxf4 Kd4 67. Kg4 Rf6 68. Kg5 Rf8 69. Kg4 Ke5 70. Kg3 Rg8+ 71. Kf2 Kf4 72. Ke2 Rb8 73. Kd3 Rb3+ 74. Kd4 Ra3 75. Kc4 Ke3 76. Kd5 Ra5+ 77. Kc4 Rg5 78. Kc3 Rc5+ 79. Kb4 Rc7 80. Kb5 Kd4 81. Kb6 Rc3 82. Kb5 Rc1 83. Kb4 Rc3 84. Kb5 Rc8 85. Kb6 Ke5 86. Kb7 Rc3 87. Kb6 Kd4 88. Kb5 Rc5+ 89. Kb4 1/2-1/2

[Event "Madrid-ch sf"]
[Site "Madrid"]
[Date "2018.05.11"]
[Round "7"]
[White "Cardena Contreras, Javier"]
[Black "Garcia Serrano, Jose Manuel1"]
[Result "0-1"]
[WhiteElo "1909"]
[BlackElo "1961"]
[PlyCount "60"]
[EventDate "2018.05.05"]
[EventType "swiss"]
[EventRounds "9"]
[EventCountry "ESP"]
[SourceTitle "CBM 184 Extra"]
[Source "ChessBase"]
[SourceDate "2018.06.28"]
[SourceVersion "1"]
[SourceVersionDate "2018.06.28"]
[SourceQuality "1"]

1. e4 e5 2. Bc4 Nf6 3. Nc3 Nc6 4. Nf3 Bc5 5. d3 h6 6. a3 d6 7. h3 Bb6 8. 0-0 g5 9. Bxg5 hxg5 10. Nxg5 Be6 11. Nxe6 fxe6 12. Bxe6 Qe7 13. Bf5 Nd4 14. Bg6+ Kd8 15. Na4 Qg7 16. Nxb6 cxb6 17. c3 Ne6 18. Bf5 Nf4 19. Qf3 Kc7 20. Kh2 Rag8 21. g3 Nxh3 22. Bxh3 Ng4+ 23. Kg2 Rxh3 24. Rh1 Nxf2 25. Rxh3 Nxh3 26. Kxh3 Qh6+ 27. Kg2 Rf8 28. Qe2 Rh8 29. Re1 Qh3+ 30. Kg1 Qxg3+ 0-1

[Event "Madrid-ch Previa-B"]
[Site "Madrid"]
[Date "2018.02.10"]
[Round "5"]
[White "Cardena Contreras, Javier"]
[Black "Andrade Sandoval, Bianca"]
[Result "1/2-1/2"]
[WhiteElo "1907"]
[BlackElo "1850"]
[PlyCount "96"]
[EventDate "2018.02.01"]
[EventType "swiss"]
[EventRounds "9"]
[EventCountry "ESP"]
[SourceTitle "EXT 2020"]
[Source "ChessBase"]
[SourceDate "2019.10.17"]
[SourceVersion "1"]
[SourceVersionDate "2019.10.17"]
[SourceQuality "1"]

1. e4 c5 2. Nf3 e6 3. d4 cxd4 4. Nxd4 a6 5. Bd3 d6 6. 0-0 Nf6 7. Nc3 Be7 8. Be3 b5 9. a3 Bb7 10. f4 Nbd7 11. Nf3 0-0 12. e5 dxe5 13. Nxe5 Bc5 14. Qe2 Nd5 15. Nxd5 Bxd5 16. Nxd7 Bxe3+ 17. Qxe3 Qxd7 18. f5 exf5 19. Rxf5 Bc4 20. Rf3 Bxd3 21. Qxd3 Rad8 22. Qxd7 Rxd7 23. Re1 h6 24. Rfe3 Rd2 25. R3e2 Rfd8 26. Kf2 Kh7 27. Rxd2 Rxd2+ 28. Re2 Rd6 29. Ke3 Kg6 30. b3 Kf6 31. Rf2+ Ke6 32. c4 bxc4 33. bxc4 f6 34. Rb2 g5 35. g4 Kd7 36. c5 Rd5 37. Rb7+ Kc8 38. Rf7 Rxc5 39. Rxf6 Rc3+ 40. Ke4 Rh3 41. Rxa6 Rxh2 42. Rg6 h5 43. Rxg5 hxg4 44. Rxg4 Rd2 45. Rg3 Kb7 46. Ke3 Rd6 47. Ke4 Kb6 48. Rg5 Rd1 1/2-1/2

[Event "Madrid San Viator op-A 26th"]
[Site "Madrid"]
[Date "2016.05.15"]
[Round "6"]
[White "Cardena Contreras, Javier"]
[Black "Barahona Torrijos, Angel"]
[Result "1-0"]
[WhiteElo "1962"]
[BlackElo "1804"]
[PlyCount "41"]
[EventDate "2016.04.03"]
[EventType "swiss"]
[EventRounds "9"]
[EventCountry "ESP"]
[SourceTitle "EXT 2017"]
[Source "ChessBase"]
[SourceDate "2016.10.25"]
[SourceVersion "1"]
[SourceVersionDate "2016.10.25"]
[SourceQuality "1"]

1. e4 e5 2. f4 Nf6 3. Nc3 d5 4. exd5 e4 5. d3 Bb4 6. Nge2 Bg4 7. dxe4 0-0 8. Qd3 Re8 9. Bd2 Bxe2 10. Bxe2 Bxc3 11. Bxc3 Nxe4 12. 0-0 c6 13. dxc6 Nxc6 14. Rad1 Nxc3 15. bxc3 Qb6+ 16. Kh1 Re3 17. Qc4 Na5 18. Qb5 Rxc3 19. Qd7 Rxc2 20. Bd3 Qc6 21. Bxc2 1-0

[Event "Madrid San Viator op 25th"]
[Site "Madrid"]
[Date "2015.11.22"]
[Round "9"]
[White "Cardena Contreras, Javier"]
[Black "Sotoca Aguado, Jose"]
[Result "0-1"]
[WhiteElo "1892"]
[BlackElo "1946"]
[PlyCount "104"]
[EventDate "2015.10.04"]
[EventType "swiss"]
[EventRounds "9"]
[EventCountry "ESP"]
[SourceTitle "CBM 169 Extra"]
[Source "ChessBase"]
[SourceDate "2015.12.18"]
[SourceVersion "1"]
[SourceVersionDate "2015.12.18"]
[SourceQuality "1"]

1. e4 e6 2. c4 c5 3. Nc3 Nc6 4. Nf3 g6 5. g3 Bg7 6. Bg2 a6 7. 0-0 Nge7 8. Re1 d6 9. d3 0-0 10. Be3 Nd4 11. Qd2 Nec6 12. Ne2 Nxf3+ 13. Bxf3 Qf6 14. Bg2 Qxb2 15. Qxb2 Bxb2 16. Rab1 Bg7 17. Rb6 Nb4 18. Rxd6 Nc2 19. Rb1 Nxe3 20. fxe3 Be5 21. Rdb6 Rd8 22. R6b3 b5 23. cxb5 axb5 24. Rxb5 Rxa2 25. Nc1 Rc2 26. d4 cxd4 27. Rxe5 dxe3 28. Bf3 Rf2 29. Be2 Ba6 30. Rb3 Bxe2 31. Rxe3 Rf1+ 32. Kg2 Ba6 33. Nb3 Rdd1 34. Ra5 Bc4 35. Rc5 Bxb3 36. Rxb3 Rfe1 37. Rf3 Re2+ 38. Kh3 Rd7 39. Rcc3 Rxe4 40. g4 Kg7 41. Kg3 f5 42. h3 h6 43. Rc6 Kf6 44. Rc8 Rd1 45. Rh8 f4+ 46. Kh4 Kg7 47. Rc8 Re3 48. Rxe3 fxe3 49. Rc4 Rd3 50. Rc1 e2 51. Re1 Re3 52. g5 h5 0-1

[Event "Madrid-ch Previa-B"]
[Site "Madrid"]
[Date "2014.03.08"]
[Round "3"]
[White "Yeves Miquel, Enrique"]
[Black "Cardena Contreras, Javier"]
[Result "0-1"]
[WhiteElo "1742"]
[BlackElo "1946"]
[PlyCount "62"]
[EventDate "2014.03.06"]
[EventType "swiss"]
[EventRounds "9"]
[EventCountry "ESP"]
[SourceTitle "CBM 159 Extra"]
[Source "ChessBase"]
[SourceDate "2014.04.24"]
[SourceVersion "1"]
[SourceVersionDate "2014.04.24"]
[SourceQuality "1"]

1. d4 Nf6 2. c4 e6 3. Nc3 c5 4. d5 exd5 5. cxd5 d6 6. e4 g6 7. Nf3 Bg7 8. h3 0-0 9. Bd3 Re8 10. 0-0 a6 11. a4 Nbd7 12. Bf4 Qe7 13. Re1 Nh5 14. Bh2 Ne5 15. Nxe5 Bxe5 16. Bxe5 Qxe5 17. Qd2 Nf4 18. Bf1 Qg5 19. Kh2 f6 20. Rad1 Qe5 21. Kh1 g5 22. Ne2 Bd7 23. Nxf4 gxf4 24. a5 Re7 25. Qc3 Qg5 26. Qf3 Rg7 27. Rd3 Kh8 28. g3 Rag8 29. Qxf4 Qxf4 30. gxf4 Rg1+ 31. Kh2 Bb5 0-1